Faculty of Law Library — Cairo University

Official Online Catalog

Ve Congrès Pénitentiaire International (Paris -1895) : (Record no. 74633)

MARC details
000 -LEADER
fixed length control field 01125nac a2200301 i 4500
003 - CONTROL NUMBER IDENTIFIER
control field EG-GICUC
005 - DATE AND TIME OF LATEST TRANSACTION
control field 20260501132059.0
008 - FIXED-LENGTH DATA ELEMENTS--GENERAL INFORMATION
fixed length control field 260501s1896 fr ||||fr|||| 000 0bfre d
040 ## - CATALOGING SOURCE
Original cataloging agency EG-GICUC
Language of cataloging fre
Transcribing agency EG-GICUC
Modifying agency EG-GICUC
Description conventions rda
041 ## - LANGUAGE CODE
Language code of text/sound track or separate title fre
082 04 - DEWEY DECIMAL CLASSIFICATION NUMBER
Edition number 21
Classification number 343.76605
Item number MI . C
092 04 - LOCALLY ASSIGNED DEWEY CALL NUMBER (OCLC)
Edition number 21
099 ## - LOCAL FREE-TEXT CALL NUMBER (OCLC)
Classification number Law1 10 343.76605 MI . C 1896 1011111 V4, C1
110 2# - MAIN ENTRY--CORPORATE NAME
Corporate name or jurisdiction name as entry element Ministère de l'Intérieur.
Subordinate unit République Française
Location of meeting Paris.
Date of meeting or treaty signing 1895
245 10 - TITLE STATEMENT
Title Ve Congrès Pénitentiaire International (Paris -1895) :
Remainder of title Rapports.
Number of part/section of a work Quatrième Section /
Statement of responsibility, etc. République Française, Ministère de l'Intérieur.
264 #1 - PRODUCTION, PUBLICATION, DISTRIBUTION, MANUFACTURE, AND COPYRIGHT NOTICE
Place of production, publication, distribution, manufacture Melun :
Name of producer, publisher, distributor, manufacturer Imprimerir Administrative,
Date of production, publication, distribution, manufacture, or copyright notice 1896.
300 ## - PHYSICAL DESCRIPTION
Extent 810 pages ;
Dimensions 25 cm.
336 ## - CONTENT TYPE
Source rda content
Content type term text
337 ## - MEDIA TYPE
Source rda media
Media type term Computer
338 ## - CARRIER TYPE
Source rda carrier
Carrier type term Online Resource
504 ## - BIBLIOGRAPHY, ETC. NOTE
Bibliography, etc. note comprend des références bibliographiques<br/>
546 ## - LANGUAGE NOTE
Language note النص باللغة الفرنسية
650 14 - SUBJECT ADDED ENTRY--TOPICAL TERM
Topical term or geographic name entry element Droit pénal
Geographic subdivision France
650 14 - SUBJECT ADDED ENTRY--TOPICAL TERM
Topical term or geographic name entry element Prisons
Geographic subdivision France
Form subdivision Conférences
856 40 - ELECTRONIC LOCATION AND ACCESS
Uniform Resource Identifier <a href="https://fll.law.cu.edu.eg/fulltext/bks/B10-11111.pdf">https://fll.law.cu.edu.eg/fulltext/bks/B10-11111.pdf</a>
905 ## - Cataloger and Reviser Names
Cataloger Name: Mohamed Yosri
942 ## - ADDED ENTRY ELEMENTS (KOHA)
Source of classification or shelving scheme Dewey Decimal Classification
Suppress in OPAC No
Koha item type Books
Edition 21
Holdings
Withdrawn status Lost status Source of classification or shelving scheme Materials specified (bound volume or other part) Damaged status Not for loan Collection Home library Current library Date acquired Total checkouts Full call number Barcode Date last seen Copy number Price effective from Koha item type
    Dewey Decimal Classification V4   Not for loan القانون الجنائي جــــامعة القــاهرة مكتبة كلية الحقوق - المبنى الرئيسي 01.05.2026   Law1 10 343.76605 MI . C 1896 1011111 V4, C1 B10-11111 01.05.2026 1 01.05.2026 Books

© All rights reserved — Faculty of Law, Cairo University